书目信息 |
| 题名: |
中国南方民族语言语序类型研究
|
|
| 作者: | 李云兵 著 | |
| 分册: | ||
| 出版信息: | 北京 北京大学出版社 2008.01 |
|
| 页数: | 10,303页 | |
| 开本: | 23cm | |
| 丛书名: | 博雅语言学书系 | |
| 单 册: | ||
| 中图分类: | H2 | |
| 科图分类: | ||
| 主题词: | 少数民族--民族语--词序--研究--中国 , 少数民族 , 民族语 , 词序 | |
| 电子资源: | ||
| ISBN: | 978-7-301-13127-5 | |
| 000 | 01049oam2 2200301 450 | |
| 001 | 010010011291 | |
| 005 | 20091208152139.45 | |
| 010 | @a978-7-301-13127-5@dCNY40.00 | |
| 100 | @a20080315d2008 em y0chiy0110 ea | |
| 101 | 0 | @achi |
| 102 | @aCN@b110000 | |
| 105 | @ay z 000yy | |
| 106 | @ar | |
| 200 | 1 | @a中国南方民族语言语序类型研究@9zhong guo nan fang min zu yu yan yu xu lei xing yan jiu@f李云兵著 |
| 210 | @a北京@c北京大学出版社@d2008.01 | |
| 215 | @a10,303页@d23cm | |
| 225 | 2 | @a博雅语言学书系 |
| 330 | @a本书内容包括:中国南方的民族与民族语言、语序类型学研究的理论原则、藏缅语族语言的语序类型、侗台语族语言的语序类型、苗瑶语族语言的语序类型等。 | |
| 461 | 0 | @12001 @a博雅语言学书系 |
| 510 | 1 | @aCross-linguistic typology on word orders of minority languages in southern China@zeng |
| 606 | 0 | @a少数民族@x民族语@x词序@x研究@y中国 |
| 606 | 0 | @a少数民族 |
| 606 | 0 | @a民族语 |
| 606 | 0 | @a词序 |
| 690 | @aH2@v4 | |
| 701 | 0 | @a李云兵@9li yun bing@4著 |
| 801 | 0 | @aCN@bRENTIAN@c20091208 |
| 905 | @b20796179-83@dH2@e15@f5 | |
| 中国南方民族语言语序类型研究/李云兵著.-北京:北京大学出版社,2008.01 |
| 10,303页;23cm.-(博雅语言学书系) |
| ISBN 978-7-301-13127-5:CNY40.00 |
| 本书内容包括:中国南方的民族与民族语言、语序类型学研究的理论原则、藏缅语族语言的语序类型、侗台语族语言的语序类型、苗瑶语族语言的语序类型等。 |
| ● |
| 相关链接 |
|
|
|
|
正题名:中国南方民族语言语序类型研究
索取号:H2/15
 
预约/预借
| 序号 | 登录号 | 条形码 | 馆藏地/架位号 | 状态 | 备注 |
| 1 | 796179 | 207961794 | 第二样本阅览室/ [索取号:H2/15] | 在馆 | |
| 2 | 796180 | 207961801 | 第四借阅区/ [索取号:H2/15] | 在馆 | |
| 3 | 796181 | 207961810 | 第四借阅区/ [索取号:H2/15] | 在馆 | |
| 4 | 796182 | 207961829 | 第四借阅区/ [索取号:H2/15] | 在馆 | |
| 5 | 796183 | 207961838 | 密集书库-文学院/ [索取号:H2/15] | 在馆 |